[Event "Barcelona Sant Marti op 11th"]
[Site "Barcelona"]
[Date "2024.02.08"]
[Round "5"]
[White "Daunis Diaz De Quijano, Guillermo"]
[Black "Mas Recorda, Pere"]
[Result "1/2-1/2"]
[WhiteElo "1601"]
[BlackElo "1888"]
[PlyCount "46"]
[EventDate "2024.01.11"]
[EventType "swiss"]
[EventRounds "9"]
[EventCountry "ESP"]
[SourceTitle "CB11_2024"]
[SourceDate "2024.03.13"]
[SourceVersion "1"]
[SourceVersionDate "2024.03.13"]
[SourceQuality "1"]

1. e4 e6 2. b3 b6 3. Bb2 Bb7 4. Nc3 d6 5. f4 Nf6 6. Qe2 Ba6 7. Qf3 Bb7 8. 0-0-0 d5 9. e5 Nfd7 10. d4 Nc6 11. g4 Qh4 12. Nge2 0-0-0 13. Bg2 Qe7 14. f5 h5 15. h3 Qg5+ 16. Kb1 Re8 17. fxe6 fxe6 18. Bc1 Qd8 19. Nf4 hxg4 20. Qxg4 Rh4 21. Qg6 Rh6 22. Qg4 Rh4 23. Qg6 Rh6 1/2-1/2

[Event "Sant Adria de Besos op 17th"]
[Site "Sant Adria de Besos"]
[Date "2023.06.04"]
[Round "7"]
[White "Flores de Paco, David"]
[Black "Mas Recorda, Pere"]
[Result "1-0"]
[WhiteElo "2102"]
[BlackElo "2014"]
[PlyCount "71"]
[EventDate "2023.04.02"]
[EventType "swiss"]
[EventRounds "9"]
[EventCountry "ESP"]
[SourceTitle "EXT 2024"]
[Source "ChessBase"]
[SourceDate "2023.10.10"]
[SourceVersion "1"]
[SourceVersionDate "2023.10.10"]
[SourceQuality "1"]

1. e4 e6 2. Nf3 d5 3. Nc3 d4 4. Ne2 c5 5. c3 Nc6 6. cxd4 cxd4 7. Qa4 Bd7 8. Nexd4 Nf6 9. Nxc6 Bxc6 10. Bb5 Bxb5 11. Qxb5+ Qd7 12. Qxd7+ Nxd7 13. d4 Nf6 14. e5 Nd5 15. Bd2 Be7 16. Ke2 h6 17. Rhc1 Kd7 18. Rc2 Rac8 19. Rac1 Rxc2 20. Rxc2 Rc8 21. Rxc8 Kxc8 22. Kd3 Kd7 23. Ne1 Nb4+ 24. Bxb4 Bxb4 25. Nc2 Be7 26. g4 g5 27. Ke4 Kc6 28. Ne3 Bd8 29. Nc4 Be7 30. f3 b6 31. Ne3 Bd8 32. d5+ Kd7 33. d6 Kc6 34. Nc2 a6 35. Nd4+ Kd7 36. a4 1-0

[Event "Sant Andreu Seniors"]
[Site "Barcelona"]
[Date "2019.10.12"]
[Round "4"]
[White "Mas Recorda, Pere"]
[Black "Garcia Castillo, Josep A"]
[Result "1-0"]
[WhiteElo "1984"]
[BlackElo "1929"]
[PlyCount "53"]
[EventDate "2019.09.14"]
[EventType "tourn"]
[EventRounds "9"]
[EventCountry "ESP"]
[SourceTitle "CBM 195 Extra"]
[Source "ChessBase"]
[SourceDate "2020.05.31"]
[SourceVersion "1"]
[SourceVersionDate "2020.05.31"]
[SourceQuality "1"]

1. d4 f5 2. c4 e6 3. Nc3 d5 4. g3 c6 5. Qd3 Bd6 6. Bg2 Qf6 7. f4 Qe7 8. Nf3 Nf6 9. Ne5 Ne4 10. 0-0 0-0 11. Nxe4 fxe4 12. Qb3 Kh8 13. Bd2 Nd7 14. Rac1 Nf6 15. c5 Bc7 16. Bh3 g6 17. g4 Nd7 18. Qg3 Bd8 19. g5 Re8 20. Rf2 Nf8 21. Ng4 Qg7 22. Ne5 Bd7 23. Bc3 h5 24. gxh6 Qxh6 25. Rg2 Kh7 26. Rf1 Qh4 27. Nxd7 1-0

[Event "Sant Andreu Seniors"]
[Site "Barcelona"]
[Date "2019.09.21"]
[Round "2"]
[White "Mas Recorda, Pere"]
[Black "Bohigas Santasusagna, Lluis"]
[Result "1/2-1/2"]
[WhiteElo "1984"]
[BlackElo "1939"]
[PlyCount "99"]
[EventDate "2019.09.14"]
[EventType "tourn"]
[EventRounds "9"]
[EventCountry "ESP"]
[SourceTitle "CBM 195 Extra"]
[Source "ChessBase"]
[SourceDate "2020.05.31"]
[SourceVersion "1"]
[SourceVersionDate "2020.05.31"]
[SourceQuality "1"]

1. f4 g6 2. Nf3 Bg7 3. e4 d5 4. e5 Nh6 5. d4 0-0 6. Nc3 Nc6 7. Bb5 Bg4 8. 0-0 Nf5 9. Bxc6 bxc6 10. h3 Bxf3 11. Rxf3 e6 12. Na4 Re8 13. Nc5 Bf8 14. c3 Bxc5 15. dxc5 h5 16. g4 Nh4 17. Rf2 hxg4 18. hxg4 Kg7 19. Be3 Rh8 20. Kf1 Nf5 21. Ke2 Nxe3 22. Kxe3 Rh3+ 23. Kd4 a5 24. Qe2 Qh4 25. Rg1 a4 26. Rf3 Rh2 27. Rg2 Rxg2 28. Qxg2 Qe1 29. Rf1 Qh4 30. Rh1 Qd8 31. Qh3 Qh8 32. Qf3 Qf8 33. b4 axb3 34. axb3 f6 35. Qe3 Ra2 36. f5 exf5 37. Qh6+ Kf7 38. e6+ Ke8 39. Qxg6+ Kd8 40. b4 f4 41. Kd3 f3 42. Rh7 Re2 43. Qf5 Re5 44. Qxf3 Rxe6 45. g5 Qg8 46. Qf5 fxg5 47. Rh5 Qg6 48. Rxg5 Qxf5+ 49. Rxf5 Kd7 50. Rh5 1/2-1/2

[Event "Vall del Tenes op 8th"]
[Site "Vall del Tenes"]
[Date "2019.06.21"]
[Round "8"]
[White "Valldeoriola Puigdoller, Agusti"]
[Black "Mas Recorda, Pere"]
[Result "1-0"]
[WhiteElo "1988"]
[BlackElo "1979"]
[PlyCount "71"]
[EventDate "2019.04.26"]
[EventType "swiss"]
[EventRounds "8"]
[EventCountry "ESP"]
[SourceTitle "EXT 2020"]
[Source "ChessBase"]
[SourceDate "2019.10.17"]
[SourceVersion "1"]
[SourceVersionDate "2019.10.17"]
[SourceQuality "1"]

1. e4 e6 2. Qe2 c5 3. Nf3 Nc6 4. c3 d5 5. d3 dxe4 6. dxe4 e5 7. h3 Nf6 8. Bg5 Be7 9. Nbd2 Be6 10. Nc4 Qc7 11. Qc2 0-0-0 12. Be2 h6 13. Be3 g5 14. Nfd2 Kb8 15. a4 Na5 16. Nxa5 Qxa5 17. Nc4 Qc7 18. a5 Nd7 19. a6 b6 20. 0-0 h5 21. f3 g4 22. hxg4 hxg4 23. f4 f6 24. f5 Bf7 25. Na3 g3 26. Rf3 Rdg8 27. Bc4 Bxc4 28. Nxc4 Qc8 29. Qd3 Qe8 30. Qd5 Qc8 31. Rd1 Nf8 32. Qf7 Qc7 33. Qe8+ Qc8 34. Qxe7 Rh7 35. Qd6+ Ka8 36. Qd5+ 1-0

[Event "Vall del Tenes op 8th"]
[Site "Vall del Tenes"]
[Date "2019.06.07"]
[Round "6"]
[White "Reyes Menendez, Antonio"]
[Black "Mas Recorda, Pere"]
[Result "1/2-1/2"]
[WhiteElo "1798"]
[BlackElo "1979"]
[PlyCount "111"]
[EventDate "2019.04.26"]
[EventType "swiss"]
[EventRounds "8"]
[EventCountry "ESP"]
[SourceTitle "EXT 2020"]
[Source "ChessBase"]
[SourceDate "2019.10.17"]
[SourceVersion "1"]
[SourceVersionDate "2019.10.17"]
[SourceQuality "1"]

1. e4 e6 2. d3 d5 3. Nd2 c5 4. Ngf3 Nc6 5. g3 g6 6. Bg2 Bg7 7. 0-0 Nge7 8. Re1 Qc7 9. Qe2 dxe4 10. Nxe4 0-0 11. c3 b6 12. d4 cxd4 13. Nxd4 Nxd4 14. cxd4 Nd5 15. Nc3 Nxc3 16. bxc3 Bb7 17. Bxb7 Qxb7 18. Be3 Rac8 19. c4 Rfd8 20. Red1 Qe4 21. f3 Qc6 22. Rac1 Qa4 23. d5 exd5 24. cxd5 Rxc1 25. Rxc1 Bd4 26. Bxd4 Qxd4+ 27. Kg2 Qxd5 28. Rc2 Qd3 29. Kf2 Qxe2+ 30. Kxe2 Rd4 31. Rc7 Ra4 32. Rc2 Ra3 33. f4 h5 34. Kf2 Kg7 35. Kg2 Kf6 36. Re2 b5 37. Kh3 b4 38. Kh4 a5 39. Kh3 a4 40. Rd2 b3 41. axb3 Rxb3 42. Rd5 a3 43. Ra5 Kg7 44. Ra6 Kh6 45. Ra5 Re3 46. Ra7 f5 47. Ra6 Rb3 48. Ra7 h4 49. Kxh4 Rb2 50. h3 a2 51. g4 fxg4 52. hxg4 g5+ 53. fxg5+ Kg6 54. Ra6+ Kg7 55. Ra7+ Kg6 56. Ra6+ 1/2-1/2

[Event "Barcelona Seniors 55 op 6th"]
[Site "Barcelona"]
[Date "2019.05.13"]
[Round "9.4"]
[White "Costa Trave, Jaume"]
[Black "Mas Recorda, Pere"]
[Result "0-1"]
[WhiteElo "1874"]
[BlackElo "1965"]
[PlyCount "25"]
[EventDate "2019.03.04"]
[EventType "swiss"]
[EventRounds "9"]
[EventCountry "ESP"]
[SourceTitle "EXT 2024"]
[Source "ChessBase"]
[SourceDate "2023.10.10"]
[SourceVersion "1"]
[SourceVersionDate "2023.10.10"]
[SourceQuality "1"]

1. f4 e5 2. fxe5 d6 3. exd6 Bxd6 4. Nf3 Nf6 5. d3 Ng4 6. Bg5 f6 7. Bh4 Ne3 8. Qd2 Bf4 9. Qc3 Nc6 10. Bf2 Qe7 11. Bxe3 Bxe3 12. Nbd2 Bf4 13. 0-0-0 0-1

[Event "Barcelona Seniors 55 op 6th"]
[Site "Barcelona"]
[Date "2019.04.29"]
[Round "7.4"]
[White "Palacin Martin, Ricardo"]
[Black "Mas Recorda, Pere"]
[Result "1/2-1/2"]
[WhiteElo "1981"]
[BlackElo "1965"]
[PlyCount "72"]
[EventDate "2019.03.04"]
[EventType "swiss"]
[EventRounds "9"]
[EventCountry "ESP"]
[SourceTitle "EXT 2024"]
[Source "ChessBase"]
[SourceDate "2023.10.10"]
[SourceVersion "1"]
[SourceVersionDate "2023.10.10"]
[SourceQuality "1"]

1. e4 e6 2. d4 d5 3. Nd2 dxe4 4. Nxe4 Bd7 5. Be2 Bc6 6. Bf3 Be7 7. Ne2 Nf6 8. N2g3 Nxe4 9. Bxe4 Bxe4 10. Nxe4 Qd5 11. f3 Nc6 12. Be3 Rd8 13. c3 e5 14. dxe5 Qxe5 15. Qe2 0-0 16. 0-0 f5 17. Nf2 Rfe8 18. Qc4+ Qd5 19. Qxd5+ Rxd5 20. Rad1 Red8 21. Rxd5 Rxd5 22. Rd1 Rxd1+ 23. Nxd1 Bd6 24. h3 Kf7 25. Kf2 Ke6 26. Ke2 a6 27. Nf2 Ne5 28. Bd4 g6 29. Bxe5 Bxe5 30. Kd3 Kd5 31. b3 b5 32. Nd1 Bf4 33. Nb2 Bc1 34. Nd1 Bf4 35. Nf2 Bg3 36. Nd1 Bf4 1/2-1/2

[Event "Barcelona Seniors 55 op 6th"]
[Site "Barcelona"]
[Date "2019.04.08"]
[Round "6.5"]
[White "Mas Recorda, Pere"]
[Black "Soto Balastegui, Victor"]
[Result "1-0"]
[WhiteElo "1965"]
[BlackElo "1731"]
[PlyCount "51"]
[EventDate "2019.03.04"]
[EventType "swiss"]
[EventRounds "9"]
[EventCountry "ESP"]
[SourceTitle "EXT 2024"]
[Source "ChessBase"]
[SourceDate "2023.10.10"]
[SourceVersion "1"]
[SourceVersionDate "2023.10.10"]
[SourceQuality "1"]

1. d4 Nf6 2. c4 e5 3. dxe5 Ne4 4. a3 b6 5. Nf3 Bb7 6. Nbd2 d6 7. Nxe4 Bxe4 8. Qd4 Bb7 9. exd6 cxd6 10. Bg5 f6 11. Bf4 Qd7 12. e3 Nc6 13. Qd1 Be7 14. Be2 g5 15. Bg3 0-0-0 16. Nxg5 Rhg8 17. Nf3 f5 18. Qc2 Bf6 19. 0-0-0 Qe6 20. Nd2 Rd7 21. Bf3 Na5 22. Kb1 Rc7 23. Qd3 Kd7 24. Rc1 Ba6 25. Bd5 Qe8 26. Qxf5+ 1-0